Cultura y mensaje /

保存先:
書誌詳細
第一著者: Rey Morató, Javier del (autor)
その他の著者: Martín Serrano, Manuel (prólogo) (prólogo)
フォーマット: 図書
言語:スペイン語
出版事項: Madrid, España : Pablo del Río, 1976, c1976
シリーズ:(Cuadernos de la Comunicación ; 3)
主題:
タグ: タグ追加
タグなし, このレコードへの初めてのタグを付けませんか!

MARC

LEADER 00000nam^a2200000^a^4500
001 000181771
005 20250521000000.0
009 20260310101942.881
020 |a 84-7430-005-3 
037 |a Acervo ITESO - Biblioteca 
041 |a ESP 
082 |a 302. 23  |b REY 
100 |a Rey Morató, Javier del  |e (autor) 
245 1 0 |a Cultura y mensaje /  |c J. del Rey Morató ; pról. de M. Martín Serrano. 
264 4 |a Madrid, España :  |b Pablo del Río,  |c 1976, c1976 
300 |a 155 p. 
336 |a texto  |b txt  |2 rdacontenido 
337 |a sin mediación  |b n  |2 rdamedio 
338 |a volumen  |b nc  |2 rdasoporte 
440 1 |a (Cuadernos de la Comunicación ;  |v 3) 
649 |a XX 
650 |a Mensaje 
650 |a Proceso de Comunicación 
650 |a Connotación y Denotación 
650 |a Mediación de la Comunicación 
650 |a Periodismo Científico 
650 |a Periodismo 
650 |a Medios de Comunicación 
650 |a Comunicación Masiva 
650 |a Recepción y Apropiación de la Comunicación 
650 |a Lenguaje y Lenguas 
650 |a Información -  |x Teoría 
650 |a Estructuralismo 
650 |a Estética 
650 |a Cultura de Masas 
650 |a Política Cultural 
650 |a Sociedad Postindustrial 
650 |a Sociología de la Comunicación 
650 |a Moles, Abraham 
700 |a Martín Serrano, Manuel  |e (prólogo) 
910 |a Fondo General 
920 |a Impresos - Libros 
930 |a Colección General 
905 |a 101 
901 |a 0500121468  |b IT1  |c ACC  |u 20250521 
902 |a https://opac.biblio.iteso.mx/vufind/Record/000181771